Concrete technology (Record no. 4023)

000 -LEADER
fixed length control field 00455nam a22001817a 4500
001 - CONTROL NUMBER
control field 4023
003 - CONTROL NUMBER IDENTIFIER
control field BD-DhUET
008 - FIXED-LENGTH DATA ELEMENTS--GENERAL INFORMATION
fixed length control field 141111b xxu||||| |||| 00| 0 eng d
040 ## - CATALOGING SOURCE
Transcribing agency 0
Modifying agency BD-DhUET
082 ## - DEWEY DECIMAL CLASSIFICATION NUMBER
Classification number 620.136
Item number SHE/1982
100 ## - MAIN ENTRY--PERSONAL NAME
Personal name Shetty, M. S.
245 ## - TITLE STATEMENT
Title Concrete technology
Remainder of title theory and practice
250 ## - EDITION STATEMENT
Edition statement 1st ed.
260 ## - PUBLICATION, DISTRIBUTION, ETC. (IMPRINT)
Place of publication, distribution, etc. New Delhi
Name of publisher, distributor, etc. S. Chand
Date of publication, distribution, etc. 1982
300 ## - PHYSICAL DESCRIPTION
Extent xiv, 592p.
Other physical details ill.
650 #0 - SUBJECT ADDED ENTRY--TOPICAL TERM
Topical term or geographic name as entry element Concrete - Engineering
942 ## - ADDED ENTRY ELEMENTS (KOHA)
Koha item type General Book
Holdings
Not for loan Koha normalized classification for sorting Sublocation or collection (holding branch) Koha item type Shelving location Copy number Koha full call number Koha date last borrowed Koha collection Koha date last seen Location (home branch) Koha issues (times borrowed) Date acquired Piece designation (barcode) Withdrawn status Source of classification or shelving scheme Price effective from Lost status Damaged status
 620_000000000000000_136SHE1982Central Library, BUETGeneral BookCirculation section2620.136/SHE/19822014-11-11 2014-12-23Central Library, BUET12014-11-1158310  2014-11-11  
 620_000000000000000_136SHE1982Central Library, BUETGeneral BookCirculation section1620.136/SHE/19822014-11-16 2017-06-05Central Library, BUET12014-11-1656438  2014-11-16  
 620_136000000000000_SHE_1982Central Library, BUETGeneral BookCirculation section3620.136/SHE/19822014-11-18 2016-09-03Central Library, BUET12014-11-1858315  2014-11-18  
 620_000000000000000_136SHE1982Central Library, BUETGeneral BookCirculation section4620.136/SHE/19822016-03-05 2016-08-21Central Library, BUET22014-11-2658312  2014-11-26  
 620_136000000000000_SHE_1982Central Library, BUETGeneral BookCirculation section5620.136/SHE/1982 Non Fiction2015-02-05Central Library, BUET 2015-02-0558311  2015-02-05  
 620_136000000000000_SHE_1982Central Library, BUETReading ItemReading section6620.136/SHE/1982  2015-06-14Central Library, BUET 2015-06-1458308  2015-06-14  
 620_136000000000000_SHE_1982Central Library, BUETReading ItemReading section7620.136/SHE/1982  2015-06-15Central Library, BUET 2015-06-1558309  2015-06-15  
 620_136000000000000_SHE_1982Central Library, BUETReading ItemReading section8620.136/SHE/1982  2015-06-16Central Library, BUET 2015-06-1658313  2015-06-16  
 620_136000000000000_SHE_1982Central Library, BUETReading ItemReading section9620.136/SHE/1982  2015-06-16Central Library, BUET 2015-06-1658314  2015-06-16  
 620_136000000000000_SHE_1982Central Library, BUETReading ItemReading section10620.136/SHE/1982  2015-06-20Central Library, BUET 2015-06-2058316  2015-06-20  
 620_136000000000000_SHE_1982Central Library, BUETReading ItemReading section11620.136/SHE/1982  2015-06-23Central Library, BUET 2015-06-2355327  2015-06-23